| 000 | 00742nam a22002417a 4500 | ||
|---|---|---|---|
| 999 |
_c7668 _d7668 |
||
| 001 | 14588 | ||
| 003 | BD-DhUAP | ||
| 005 | 20210128103453.0 | ||
| 008 | 210128s2004 mauab b 001 0 eng | ||
| 020 | _a0072559527 | ||
| 040 |
_aDLC _cDLC _dBD-DhUAP _bEng |
||
| 082 | 0 | 0 |
_a364 ADL _223 |
| 100 | 1 | _aAdler, Freda. | |
| 245 | 1 | 0 |
_aCriminology and the criminal justice system / _cFreda Adler, Gerhard O.W. Mueller and William S. Laufer. |
| 250 | _a5th ed. | ||
| 260 |
_aBoston : _bMcGraw-Hill, _cc2004. |
||
| 300 |
_axxxii, 559 pages : _billustrations ; _c26 cm. |
||
| 504 | _aIncludes bibliographical references and index. | ||
| 650 | 0 | _aCriminology. | |
| 700 | 1 | _aMueller, Gerhard O. W. | |
| 700 | 1 | _aLaufer, William S. | |
| 942 |
_2ddc _cBK |
||